Movies Quiz

Random Movies or Director Quiz

Ang Lee Movies Quiz Stats

 Plays Quiz Updated Feb 28, 2020

Support Sporcle.
Go Orange.
Score 0/14 Timer 03:00
0 Plays Today
Year Film % Correct
2005Brokeback Mountain
82.3%
2012Life of Pi
75.7%
2000Crouching Tiger, Hidden Dragon
71.1%
2003Hulk
62%
2019Gemini Man
47.3%
1995Sense and Sensibility
35.9%
1997The Ice Storm
34.3%
Year Film % Correct
2016Billy Lynn's Long Halftime Walk
26.2%
2007Lust, Caution
24.5%
2009Taking Woodstock
24.1%
1994Eat Drink Man Woman
20.4%
1993The Wedding Banquet
16.5%
1999Ride with the Devil
15%
1992Pushing Hands
10%

From the Vault

Aliens Have Invaded My Television!

by MrChewypoo

Watch out, they're usually not house-trained!
Remove Ads.
Support Sporcle.
Get the best of Sporcle when you Go Orange. This ad-free experience offers more features, more stats, and more fun while also helping to support Sporcle. Thank you for becoming a member.

Show Comments

Extras

Top Quizzes Today


Score Distribution

Your Account Isn't Verified!

In order to create a playlist on Sporcle, you need to verify the email address you used during registration. Go to your Sporcle Settings to finish the process.

Report this User

Report this user for behavior that violates our Community Guidelines.

Details: